| 000 | 00440nam a22001817a 4500 | ||
|---|---|---|---|
| 001 | 00028723 | ||
| 005 | 20260408084457.0 | ||
| 008 | 260408b ag ||||| |||| 00| 0 spa d | ||
| 020 | _a9789870754671 | ||
| 040 |
_bspa _cAR-CcCEOS |
||
| 080 | _a517 | ||
| 245 | _aMatetubers 5 | ||
| 250 | _a3ª ed. | ||
| 260 |
_aBuenos Aires : _bArte Gráfico, _c2022. |
||
| 300 |
_a144 p. ; _c28x21 cm. |
||
| 650 | 0 | _amatemáticas | |
| 942 |
_2udc _cBK |
||
| 999 |
_c28757 _d28757 |
||
| 945 |
_a66467 _bMelina Rolando _c66467 _dMelina Rolando |
||